| 000 | 00335nam a22001457a 4500 | ||
|---|---|---|---|
| 020 | _a978-93-80644-58-5 | ||
| 082 |
_a030 _bAMA/A |
||
| 100 | _aAMANDA IMPRINT | ||
| 245 | _aACADEMIC JUNIOR ENGLISH DICTIONARY | ||
| 250 | _aNEW EDITION | ||
| 260 |
_aDELHI _bAMANDA IMPRINT |
||
| 300 | _a174 | ||
| 650 |
_aDICTIONARY _zINDIA |
||
| 942 | _cBK | ||
| 999 |
_c2107 _d2107 |
||